000 00331 a2200109 4500
001 ART_44242
005 20260410161953.0
008 260409a
245 1 0 _aLibros perennes de derecho comercial
100 1 _aChiappini, Julio O.
773 0 _tTemas de derecho comercial
_g- Año 3, Nº 10 (oct. 2017)
_wREV28151
999 _c30560
_d30560